Regular Show Characters Quiz Stats

 Plays Quiz not verified by Sporcle

Also try: Mixed Hero Logos
Challenge
Share
Tweet
Embed
Score 0/12 Timer 04:00
0 Plays Today
Hint Answer % Correct
A fun-loving raccoon.Rigby The Raccoon
98.4%
An uptight gumball machine.Benson The Gumball Machine
98.4%
An immortal yeti that skips.Skips The Yeti
98.4%
An old-school and naive lollipop-shaped man.Pops Maellard
96.9%
An overweight and green prank artist.Mitch 'Muscle Man' Sorenstein
95.3%
A fun-loving blue jayMordecai The Blue Jay
89.1%
A ghost with a giant hand.High-Five Ghost
89.1%
The blye jay's crush, a robin.Margaret The Robin
79.7%
Grim reaper-type character with Cockney accent.Death
76.6%
Robin's best friend who likes raccoon.Eileen The Mole
73.4%
A group of infant ducksA Bunch Of Baby Ducks
65.6%
Lollipop man who owns the park.Mr. Maellard
56.3%

You're not logged in!

Compare scores with friends on all Sporcle quizzes.
Join for Free
OR
Log In

You Might Also Like...

Show Comments

Extras

Top Quizzes Today


Score Distribution

Your Account Isn't Verified!

In order to create a playlist on Sporcle, you need to verify the email address you used during registration. Go to your Sporcle Settings to finish the process.

Report this User

Report this user for behavior that violates our Community Guidelines.

Details: